| 000 | 04404nam a2200289 a 4500 | ||
|---|---|---|---|
| 001 | 000000237 | ||
| 003 | DO-SdBNP | ||
| 005 | 20211116122924.0 | ||
| 008 | 081028s2007 dr ac 001 0 spa d | ||
| 020 | _a9789945161618 | ||
| 020 | _a994516161X | ||
| 040 |
_aDO-SdBNP _bspa _cBNPHU |
||
| 082 | 4 |
_a972.9324 _bR639e, 2007 _222 |
|
| 100 | 1 |
_aRobert, José A., _d1891-1966 _9781 |
|
| 245 | 1 | 3 |
_aLa evolución histórica de Barahona / _cJosé A. Robert. |
| 250 | _a2a. ed. | ||
| 260 |
_aSanto Domingo : _bAlianza Barahonera, _c2007. |
||
| 300 |
_a346 p. : _bil., retrs. ; _c23 cm. |
||
| 505 | 0 |
_tLiminar -- _tIntroducción -- _tPrólogo -- _tInforme sobre el libro la evolución histórica de Barahona -- _tHistoria primitiva -- _tPeríodos del descubrimiento y de la conquista -- _tBobadilla se hace cargo del gobierno -- _tRelevo de Bobadilla -- _tLa colonización -- _tGobierno de don Diego Colón -- _tReemplazo de don Diego Colón -- _tGobierno de Luis de Figueroa -- _tDon Diego de nuevo en el gobierno -- _tGobierno de Fuenleal -- Historia Colonial -- _tPrimera era de España -- _tGobiernos de José Solano y Bote y del Mariscal Azlor y Urries -- _tGobierno de don Joaquín García -- _tEra de Francia o Francesa -- _tSucesos durante la reconquista -- _tLa España Boba -- _tGobierno del Lic. Núñez de Cáceres -- _tDe la dominación haitiana -- _tGestiones del presidente Boyer -- _tPeríodo de la Independencia -- _tActuación de la Junta Central Gubernativa -- _tPrimera administración del gral. Pedro Santana -- _tInicio de la primera administración de Buenaventura Báez -- _tSegunda administración de Santana -- _tSegunda administración de Báez -- _tÚltimo gobierno del general Santana -- _tDe la Restauración -- _tLa anexión -- _tDe la Segunda república -- _tGobierno del protectorado -- _tTercera administración de Báez -- _tLos dos gobiernos de Cabral -- _tCuarta presidencia de Báez. El asfixiante período de los seis años -- _tGobierno de Ignacio María González -- _tGobierno del general Ulises F. Espaillat -- _tGobierno del padre Meriño -- _tPresidencia de Ulises Heureaux -- _tPresidencia del general Cesáreo Guillermo -- _tGobierno de Alejandro Woss y Gil -- _tLarga administración de Ulises Hereaux -- _tGobierno de don Juan Isidro Jimenes -- _tGobierno provisional de Horacio Vásquez -- _tGobiernos de Woss y Gil y de Morales -- _tInterinidad de Ramón Cáceres _tGobierno constitucional de Ramón Cáceres -- _tAdministración de Eladio Victoria -- |
|
| 505 | 0 |
_tGobierno de Monseñor Nouel -- _tAdministración de José Bordas Valdez -- _tGobierno de Dr. Ramón Báez -- _tNueva administración de Jimenes -- _tGobierno del Dr. Henríquez y Carvajal -- _tDe la ocupación americana -- _tFuncionamiento de un gobierno militar -- _tDe la tercera república -- _tGobierno de don Juan Bautista Vicini Burgos -- _tNueva administración de Horacio Vásquez -- _tGobierno interino del Lic. Rafael Estrella Ureña -- _tDe la era de Trujillo -- _tPrimera administración de Rafael Leonidas Trujillo M. -- _tReelección de Trujillo -- _tGobierno del Lic. Jacinto B. Peynado -- _tAsume la presidencia el Dr. Manuel de Jesús Troncoso de la Concha -- _tGobierno provisional de Trujillo -- _tNuevo gobierno constitucional de Trujillo -- _tPresidencia del general Héctor B. Trujillo Molina -- _tFormación - situación - límites y extensión de la provincia -- _tDivisión - límites y demarcaciones de comunes y secciones -- _tCordilleras - montañas y lomas -- _tIslas - islotes - cayos - bajos - arrecifes y playas -- Cabos y puntas -- _tValles - sabanas y cavernas -- _tMinerales -- _tHidrografía : ríos - arroyos - saltos - manantiales, canales de regadío y aguas minerales -- _tBahías - puertos - ensenadas - fondeaderos, canales marítimos y estrechos -- _tLagos, lagunas y albuferas -- _tCorrientes - vientos - clima y enfermedades -- _tPoblación - costumbres y religión -- _tFauna : animales indígenas y animales exóticos -- _tAgricultura - pecuaria - apicultura, industria y comercio -- _tProgreso intelectual y cultural, ciudades y pueblos importantes -- _tObras y personas consultadas. |
|
| 650 | 4 |
_aBarahona (República Dominicana) _xGeografía _9783 |
|
| 650 | 4 |
_aCiudades y pueblos _zRepública Dominicana _9784 |
|
| 651 | 4 |
_aBarahona (República Dominicana) _xHistoria local _9231 |
|
| 651 | 4 |
_aBarahona (República Dominicana) _xVida social y costumbres _9782 |
|
| 910 | _aValidado. Control de calidad MFF | ||
| 942 |
_2ddc _cLBS1 |
||
| 999 |
_c237 _d237 |
||